A handbook to the reception of Ovid /

"A Handbook to the Reception of Ovid presents more than 30 original essays written by leading scholars revealing the rich diversity of critical engagement with Ovid's poetry that spans the Western tradition from antiquity to the present day. Offers innovative perspectives on Ovid's po...

Full description

Bibliographic Details
Other Authors: Miller, John F., 1950- (Editor), Newlands, Carole Elizabeth (Editor)
Format: eBook
Language:English
Published: Chichester, West Sussex, UK ; Malden, MA : Wiley Blackwell, 2014.
Series:Wiley Blackwell handbooks to classical reception.
Subjects:
Online Access:Connect to the full text of this electronic book

MARC

Tag First Indicator Second Indicator Subfields
LEADER 00000nam a22000001i 4500
001 in00004682821
006 m |o d |
007 cr |n|||||||||
008 230502s2014 enkaf obf 001 0 eng d
005 20260214211549.7
020 |a 9781118876169 (electronic bk.) 
020 |a 1118876164 (electronic bk.) 
020 |z 9781444339673 
020 |z 1444339672 
024 8 |a 40024121981 
035 |a wil6007436 
035 |a (NhCcYBP)wil6007436 
040 |a NhCcYBP  |b eng  |e rda  |c NhCcYBP 
050 4 |a PA6537  |b .H35 2014 
082 0 4 |a 871/.01  |2 23 
245 0 2 |a A handbook to the reception of Ovid /  |c edited by John F. Miller and Carole E. Newlands. 
264 1 |a Chichester, West Sussex, UK ;  |a Malden, MA :  |b Wiley Blackwell,  |c 2014. 
300 |a 1 online resource (xvii, 498 pages, [8] leaves of color plates : :  |b illustrations.) 
336 |a text  |b txt  |2 rdacontent 
337 |a computer  |b c  |2 rdamedia 
338 |a online resource  |b cr  |2 rdacarrier 
490 1 |a Wiley Blackwell handbooks to classical reception 
504 |a Includes bibliographical references and index. 
520 2 |a "A Handbook to the Reception of Ovid presents more than 30 original essays written by leading scholars revealing the rich diversity of critical engagement with Ovid's poetry that spans the Western tradition from antiquity to the present day. Offers innovative perspectives on Ovid's poetry and its reception from antiquity to the present day. Features contributions from more than 30 leading scholars in the Humanities. Introduces familiar and unfamiliar figures in the history of Ovidian reception. Demonstrates the enduring and transformative power of Ovid's poetry into modern times."--  |c Publisher's website. 
505 0 |a Ovid's self-reception in his exile poetry / K. Sara Myers -- Modeling reception in Ovid's Metamorphoses: Ovid's epic Cyclops / Andrew Feldherr -- Ovidian myths on Pompeiian walls / Peter E. Knox -- Ovid in Flavian occasional poetry (Martial and Statius) / Gianpiero Rosati -- Poetae ovidiani: Ovid's Metamorphoses in imperial Roman epic / Alison Keith -- Ovid in Apuleius' Metamorphoses / S.J. Harrison -- A poet between two worlds: Ovid in late antiquity / Lan Fielding -- Commentary and collaboration in the medieval allegorical tradition / Jamie C. Fumo -- The mythographic tradition after Ovid / Gregory Hays -- Ovid's exile and medieval Italian literature: the lyric tradition / Catherine Keen -- Venus's clerk: Ovid's amatory poetry in the Middle Ages / Marilynn Desmond -- The metamorphosis of Ovid in Dante's Divine comedy / Diskin Clay -- Ovid in Chaucer and Gower / Andrew Galloway -- Ovid's Metamorphoses and the history of baroque art / Paul Barolsky -- The poetics of time: the Fasti in the Renaissance / Maggie Kilgour -- Shakespeare and Ovid / Sean Keilen -- Ben Jonson's light reading / Heather James -- Love poems in sequence: the Amores from Petrarch to Goethe / Gordon Braden -- Don Quixote as Ovidian text / Frederick A. De Armas -- Spenser and Ovid / Philip Hardie -- Ovidian intertextuality in Ariosto's Orlando Furioso / Sergio Casali -- Joy and harmles pastime: Milton and the Ovidian arts of leisure / Mandy Green -- Ovid translated: early modern versions of the Metamorphoses / Dan Hooley -- Ovid in restoration and eighteenth-century England / James M. Horowitz -- The influence of Ovid in opera / Jon Solomon -- Ovid in Germany / Theodore Ziolkowski -- Ovid and Russia's poets of exile / Andrew Kahn -- Alter Ovid: contemporary art on the hyphen / Jill H. Casid -- Contemporary poetry: after after Ovid / Sarah Annes Brown -- Ovid's biography: novels of Ovid's exile / Rainer Godel -- Ovid and the cinema: an introduction / Martin M. Winkler. 
588 |a Description based on print version record. 
600 0 0 |a Ovid,  |d 43 B.C.-17 A.D. or 18 A.D.  |x Criticism and interpretation  |v Handbooks, manuals, etc. 
700 1 |a Miller, John F.,  |d 1950-  |e editor. 
700 1 |a Newlands, Carole Elizabeth,  |e editor. 
776 0 8 |i Online version:  |t Handbook to the reception of Ovid.  |d Chichester, West Sussex : John Wiley & Sons Inc., 2014  |z 9781118876121  |w (DLC) 2014007926 
776 0 8 |c Original  |z 9781444339673  |z 1444339672  |w (DLC) 2014007148 
830 0 |a Wiley Blackwell handbooks to classical reception. 
856 4 0 |u http://proxy.library.tamu.edu/login?url=https://onlinelibrary.wiley.com/book/10.1002/9781118876169  |z Connect to the full text of this electronic book  |t 0 
955 |a Wiley EBA record 
975 |p Wiley UBCM Full Collection 2026 
999 f f |s 0c56d0cc-0f90-4492-b678-94ea4a51c8ad  |i 8e38bae2-f7b7-4ec2-8943-7e527303c4e5  |t 0 
952 f f |a Texas A&M University  |b College Station  |c Electronic Resources  |s evans_pda  |d Available Online  |t 0  |e PA6537 .H35 2014  |h Library of Congress classification 
998 f f |a PA6537 .H35 2014  |t 0  |l Available Online